ARRUPE JESUIT UNIVERSITY

CORONAVIRUS -STOP THE SPREAD - CLEAN,DISINFECT,COVER

The years the locusts have eaten : (Record no. 130048)

MARC details
000 -LEADER
fixed length control field 00845cam a2200265 a 4500
001 - CONTROL NUMBER
control field 14659279
003 - CONTROL NUMBER IDENTIFIER
control field ARRUPE
005 - DATE AND TIME OF LATEST TRANSACTION
control field 20191115125426.0
008 - FIXED-LENGTH DATA ELEMENTS--GENERAL INFORMATION
fixed length control field 061207s2006 pau b 001 0 eng
010 ## - LIBRARY OF CONGRESS CONTROL NUMBER
LC control number 2004099658
020 ## - INTERNATIONAL STANDARD BOOK NUMBER
International Standard Book Number 1413478433
020 ## - INTERNATIONAL STANDARD BOOK NUMBER
International Standard Book Number 1413478425 (pbk.)
040 ## - CATALOGING SOURCE
Original cataloging agency DLC
Transcribing agency DLC
043 ## - GEOGRAPHIC AREA CODE
Geographic area code f-lb---
050 00 - LIBRARY OF CONGRESS CALL NUMBER
Classification number DT631
Item number .T45 2006
300 ## - PHYSICAL DESCRIPTION
Dimensions 22 cm.
100 1# - MAIN ENTRY--PERSONAL NAME
Personal name Tellewoyan, Joseph.
9 (RLIN) 48721
245 14 - TITLE STATEMENT
Title The years the locusts have eaten :
Remainder of title Liberia, 1816-2004 /
Statement of responsibility, etc Joseph Tellewoyan.
260 ## - PUBLICATION, DISTRIBUTION, ETC. (IMPRINT)
Place of publication, distribution, etc [Philadelphia] :
Name of publisher, distributor, etc Xlibris Corporation,
Date of publication, distribution, etc c2006.
300 ## - PHYSICAL DESCRIPTION
Extent 638 p. ;
504 ## - BIBLIOGRAPHY, ETC. NOTE
Bibliography, etc Includes bibliographical references (p. 615-631) and index.
651 #0 - SUBJECT ADDED ENTRY--GEOGRAPHIC NAME
Geographic name Liberia
General subdivision History.
9 (RLIN) 43162
906 ## - LOCAL DATA ELEMENT F, LDF (RLIN)
a 7
b cbc
c orignew
d 3
e ncip
f 20
g y-gencatlg
942 ## - ADDED ENTRY ELEMENTS (KOHA)
Source of classification or shelving scheme Library of Congress Classification
Koha item type Monograph ( Printed materials)
Holdings
Withdrawn status Lost status Source of classification or shelving scheme Damaged status Not for loan Collection code Home library Current library Shelving location Date acquired Total Checkouts Full call number Barcode Date last seen Date checked out Price effective from Koha item type
    Library of Congress Classification     Main Collection ARRUPE LIBRARY ARRUPE LIBRARY Main Collection 15/11/2019 2 DT631 .T45 2006 46600005905 20/05/2020 17/01/2020 15/11/2019 Monograph ( Printed materials)

 

Arrupe Library. PO Box MP320 Mt Pleasant, Harare, Zimbabwe
263 242 745411|librarian@aju.ac.zw